000 00917njm a22002537a 4500
005 2010092004024.0
007 sd ammalaaahaa
008 100913t xxu||||| |||| 00| 0 hin d
028 _aG ECLP 5886
_bEMI
035 _aGR-03646
040 _aSED/VEN
100 _aMukesh
_91184
245 _aMoods and memories of mukesh /
_cby Mukesh
_h[sound recording] :
260 _aDum Dum India
_bEMI
_c1983
300 _a1 sound disc [Gramophone record] :
_banalog, 33 1/3 rpm
_c12.5 in. (LP)
_fGramophone Record
500 _aBrief Record
500 _aRecord label :EMI, Black
505 _aSide-1 (Jhoomti chali hava) (S N Tripathi) Side-२ (Meri tamannaaon ki taqdeer) (Kalyanji Anandji)
600 _aMukesh
_920778
650 _aFilms songs
_920784
_xExcerpts
_zIndia
700 _aKaur, Dilraj
_920776
942 _2ddc
_cGR
999 _c47011
_d47011